000 002750000a22000970004500
100 1 _aMeyerend, Rebakah
245 1 0 _aChucho : A stair in God's celestial garden
300 _aVol. 84, Num. 1 (Marzo-Junio, 2004), Páginas 6-7
773 0 _tLatin America Evangelist
942 _cANA
999 _c55183
_d55183